01185nam a2200229 i 4500001000300000245008700003246002600090260004600116300003200162490025600194500006600450500003000516504002800546650005600574700002900630830011300659040000800772041000800780080002800788008004100816856009800857bg00aRestrukturyzacja gospodarki :bteoria i praktyka /c[red. nauk. Jan Szczygielski].11aEconomy restructuring aWrocław :bOficyna Wydawnicza PW,c1995. a137 s. :b2 wykr. ;c24 cm.1 aPrace Naukowe Instytutu Nauk Ekonomiczno-Społecznych Politechniki Wrocławskiej. Studia i Materiały =aScientific Papers of the Institute of Economic and Social Sciences of the Technical University of Wrocław. Studies and Research,x0239-3212 ;v17 aTyt. równol. : Economy restructuring : theory and practice. aNumeracja ser. gł. : 52. aBibliogr. przy pracach. 9aPrzedsiębiorstwoxorganizacjazPolskayod 1989 r.1 aSZCZYGIELSKI, Jan.eRed. 0aPrace Naukowe Instytutu Nauk Ekonomiczno-Społecznych Politechniki Wrocławskiej.pStudia i Materiały ;v17 cBPK0 apol a658.1/.5(438)"1989/..." s pl f |000 0 pol  uhttp://koha.tu.koszalin.pl/cgi-bin/koha/opac-detail.pl?biblionumber=31056yKatalog online BPK